| 000 | 00510nam a22001817a 4500 | ||
|---|---|---|---|
| 003 | CEME | ||
| 005 | 20210628205114.0 | ||
| 008 | 210128b xxu||||| |||| 00| 0 eng d | ||
| 020 | _a9971-51-316-1 | ||
| 040 | _c. | ||
| 082 | _a621.38152 TYA | ||
| 100 |
_aTyagi, M.S _973909 |
||
| 245 | _aIntroduction to semiconductor materials and devices | ||
| 260 |
_aNEW YORK _bJOHN WILEY & SONS _c1991 |
||
| 300 | _aXVII,669P | ||
| 650 |
_aSEMICONDUCTOR. SEMICONDUCTOR MATERIALS AND DEVICES _973910 |
||
| 942 |
_cBK _2ddc |
||
| 999 |
_c579527 _d579527 |
||